| 000 | 00419nam a22001577a 4500 | ||
|---|---|---|---|
| 020 | _a9789351070139 | ||
| 082 |
_a664. _bSHI/IN |
||
| 100 |
_aShibamoto,Takayuki _91107 |
||
| 100 |
_aBjeldanes, Leonard F. _91108 |
||
| 245 | _aIntroduction to Food Toxicology | ||
| 250 | _a2 nd | ||
| 260 |
_aAmsterdam _bAP, Elsevier _c2013 |
||
| 300 | _a309 | ||
| 490 | _aFood Science and Technology, International Series | ||
| 942 | _cBK | ||
| 999 |
_c14630 _d14630 |
||